Songs Referenced in Seinfeld - Statistics

General Stats
  • This quiz has been taken 144 times
  • The average score is 8 of 26
Answer Stats
Artist/Band/Show Song % Correct
The Eagles Desperado
83%
The Eagles Witchy Woman
69%
Petula Clark Downtown
67%
Lionel Richie Hello
54%
Bette Midler Wind Beneath My Wings
54%
Les Miz Master of the House
45%
Sheena Easton Morning Train
39%
Foghat Slow Ride
39%
Edwin Star War
30%
Beach Boys California Girls
29%
Midnight Cowboy Everybody's Talkin'
29%
Beach Boys Wouldn't It Be Nice
29%
Iron Butterfly In a Gadda Da Vida
28%
Fiddler on the Roof If I Were a Rich Man
26%
Wall of Voodoo Mexican Radio
26%
Pat Benatar Heartbreaker
25%
Sound of Music How Do You Solve a Problem Like Maria?
23%
Mel Torme When You're Smiling
19%
Commodores Three Times a Lady
18%
My Fair Lady I Could Have Danced All Night
17%
Earth, Wind & Fire Shining Star
17%
Peter, Paul and Mary Lemon Tree
15%
Charlie Rich The Most Beautiful Girl
13%
Pagliacci Vesti la Guibba
5%
A Date with Judy It's a Most Unusual Day
3%
Les Brown Joltin' Joe DiMaggio
3%
No matching quizzes found
Score Distribution
Percent of People with Each Score
Percentile by Number Answered
Your Score History
You have not taken this quiz